| 000 | 00924nam a22002417a 4500 | ||
|---|---|---|---|
| 003 | OSt | ||
| 005 | 20160622153319.0 | ||
| 008 | 160622s2016 sp 001 e spa|d | ||
| 017 | _aDL V. 613-2016 | ||
| 020 | _a9788437099415 | ||
| 040 |
_bcat _cCDMR |
||
| 245 | 0 | 4 |
_aLas Sombras de la transición _b: el relato crítico de los corresponsales extranjeros : 1975-1978 _cMarcel Mauri [et al.] ; Jaume Gillamet, ed. |
| 260 |
_aValència : _bUniversitat de València, _c2016 |
||
| 300 |
_a292 p. ; _c24 cm |
||
| 504 | _aReferències bibliogràfiques. Índex | ||
| 650 | 0 | 9 |
_aTransició democràtica espanyola, 1975-1982 _2thub |
| 650 | 0 | 4 |
_aCorresponsals estrangers _zEspanya _92802 |
| 651 | 4 |
_aEspanya _xHistòria _y1975-1978, Transició a la democràcia _xCobertura periodística |
|
| 700 | 1 |
_aMauri, Marcel _d1977- _93999 |
|
| 700 | 1 |
_aGuillamet, Jaume _eed. _9417 |
|
| 710 | 2 |
_aUniversitat Pompeu Fabra _9619 |
|
| 942 | _cMON | ||
| 999 |
_c6946 _d6946 |
||